Automatizovaný systém plánových výpočtov praktikum

Gespeichert in:
Bibliographische Detailangaben
1. Verfasser: Bracjun, Anatolij
Körperschaft: Vysoká škola ekonomická v Bratislave. Národohospodárska fakulta
Format: Buch
Sprache:Slowakisch
Veröffentlicht: Bratislava VŠE 1987
Ausgabe:2. vyd.
Tags: Tag hinzufügen
Keine Tags, Fügen Sie das erste Tag hinzu!

MARC

LEADER 00000nam a2200000 4500
001 c035993
005 20230116092235.3
041 0 |a slo 
044 |a SK 
245 1 0 |a Automatizovaný systém plánových výpočtov  |b praktikum  |c Anatolij Bracjun 
250 |a 2. vyd. 
264 1 |a Bratislava  |b VŠE  |c 1987 
300 |a 146 s. 
100 1 |a Bracjun, Anatolij 
710 2 |a Vysoká škola ekonomická v Bratislave. Národohospodárska fakulta